000 00833nam a2200229Ia 4500
001 17996
003 GE_BSU
008 181216s||||||||xx |||||||||||||| ||und||
040 _cGE_BSU
080 _a821.353.1-32
100 _aმელიქიშვილი,ბასილ
245 _aმკერდშებოლილი მერცხალი
245 _bმოთხრობები
245 _cშემდგ.: ალექსანდრე გომიაშვილი ; რედ.: ანდრო მირიანაშვილი
260 _aთბილისი
260 _bმერანი
260 _c1987
300 _a190გვ. ; 20სმ
653 _aმკერდშებოლილი მერცხალი
653 _aმოთხრობები
942 _cBK
999 _c51039
_d51039